000 00442nam a2200181Ia 4500
008 090124s9999 xx 000 0 und d
082 _b24145
_a2501
100 _aढसाळ नामदेव
245 _a खेळ
250 _a1
260 _c1983
300 _a70
600 _aढसाळ नामदेव
630 _a खेळ
700 _aढसाळ नामदेव
730 _a खेळ
942 _cBOOK
999 _c137716
_d137716